000
00291nam a22001217a 4500
008
170421b xxu||||| |||| 00| 0 eng d
041
_a
eng
080
_a
573
100
_a
11
101
_a
SHM
245
_a
CHEMICAL BACKGROUND FOR THE BIOLOGICAL SCIENCE
_c
WHITE.E.H
942
_2
udc
_c
BK
999
_c
11486
_d
11486